Responses for Show #4687 - Tuesday, January 11, 2005

Contestants

[<< previous game]

Alex Rubington, a marketing communication coordinator from Natick, Massachusetts

Jonathan Henke, a researcher from Berkeley, California

Joshua Allen, a student from North Hollywood, California (whose 2-day cash winnings total $39,001)

[next game >>]

Jeopardy! Round responses

THE THINGS OF NATURE
FILM CRITICISM
WHAT A DISH!
THE 2004 ELECTIONS
ADVERTISING MASCOTS
COCKNEY RHYMING SLANG
    $200 16
hair

Joshua
    $200 11
The Wizard of Oz

Joshua
    $200 21
steak tartare

Triple Stumper
    $200 1
red

Jonathan
    $200 6
Geoffrey

Joshua
    $200 26
feet

Jonathan
    $400 17
lungs

Joshua
    $400 12
Annie Hall

Alex
    $400 22
chow mein

Joshua
    $400 2
Ohio

Joshua
    $400 7
a peacock

Joshua
    $400 27
supper

Triple Stumper
    $600 18
their heads

Jonathan
    $600 13
Star Wars

Jonathan
    $600 23
huevos rancheros

Jonathan
    $600 3
stem cells

Joshua
    $600 8
(Alex Rubington: What is a deer?)
(Alex Trebek: Be more specific.)

an elk

Alex
    $600 28
a beer

Jonathan
    $800 19
(Joshua: What are her legs?)

her wings

Joshua
Triple Stumper
    $800 14
E.T.

Joshua
    $800 24
(Alex Rubington: What is pork?)

a brisket

Alex
Triple Stumper
    $800 4
Tom Daschle

Joshua
    $800 9
Spuds MacKenzie

Alex
    $800 29
your cash

Joshua
    $2,000 20
(Alex Trebek: No dinosaurs around any more...)

an ostrich

Jonathan
    $1000 15
Bonnie and Clyde

Joshua
    $1000 25
beets

Triple Stumper
    $1000 5
Barack Obama

Jonathan
    $1000 10
a rabbit (or a bunny)

Joshua
    $1000 30
a car

Joshua

Scores at the first commercial break (after clue 15):

Joshua Jonathan Alex
$5,400 $1,800 $1,800

Scores at the end of the Jeopardy! Round:

Joshua Jonathan Alex
$7,400 $5,800 $1,000

Double Jeopardy! Round responses

ARCHITECTURAL DIGEST
GUITAR PLAYER
WRITERS JOURNAL
COSMOPOLITAN
PARENTING
DAILY "BREAD"
    $400 26
Notre Dame

Alex
    $400 1
the bass

Alex
    $400 6
Dostoevsky

Jonathan
    $400 11
Tokyo

Joshua
    $400 17
Pinocchio

Joshua
    $400 12
the breadwinner

Joshua
    $800 27
the Berlin Wall

Triple Stumper
    $800 2
"Slowhand"

Alex
    $800 7
Robert Louis Stevenson

Joshua
    $800 22
Rio de Janeiro

Joshua
    $800 18
the Parent-Teacher Association

Joshua
    $800 13
bread crumbs

Joshua
    $1200 28
Christopher Wren

Jonathan
    $1200 3
Eddie Van Halen

Alex
    $1200 8
Virginia Woolf

Joshua
    $1200 23
Los Angeles

Joshua
    $1200 19
Oscar Wilde

Jonathan
    $1200 14
the breadbasket

Joshua
    $1600 29
the inglenook

Triple Stumper
    $1600 4
George Benson

Alex
    $1600 9
Jules Verne

Jonathan
    $1600 24
Rome

Alex
    $2,500 20
(Alex Trebek: Yes, they were missionaries in China!)

Pearl Buck

Jonathan
    $1600 15
bread and circuses

Jonathan
    $2000 30
a Dutch door

Jonathan
    $2000 5
(Alex Trebek: Let's see if you can run the category...)

Segovia

Alex
    $2000 10
Emile Zola

Alex
    $2,500 25
Vienna

Alex
    $2000 21
Y

Joshua
    $2000 16
bread-and-butter pickles

Jonathan

Scores at the end of the Double Jeopardy! Round:

Joshua Jonathan Alex
$17,400 $18,300 $13,500

[wagering suggestions for these scores]

Final Jeopardy! Round responses

ENGLISH ROYALTY
(Alex Trebek: George VI, Richard III, and William the Conqueror were three kings who came to the throne in these years. There were two other kings before each of them.)
AlexWhat is 1789?
$6,700
JoshuaWhat is 1553?
$17,400
JonathanWhat is 1938?
$16,501
(1 of) 1936, 1483, or 1066

Final scores:

Joshua Jonathan Alex
$0 $1,799 $6,800
3rd place: $1,000 2nd place: $2,000 New champion: $6,800

Game dynamics:

Coryat scores:

Joshua Jonathan Alex
$17,400 $16,400 $13,000
25 R,
1 W
16 R
(including 2 DDs),
0 W
12 R
(including 1 DD),
1 W

Combined Coryat: $46,800

[game clues] [game scores] [suggest correction]

Game tape date: 2004-11-08
The J! Archive is created by fans, for fans. Scraping, republication, monetization, and malicious use prohibited; this site may use cookies and collect identifying information. See terms. The Jeopardy! game show and all elements thereof, including but not limited to copyright and trademark thereto, are the property of Jeopardy Productions, Inc. and are protected under law. This website is not affiliated with, sponsored by, or operated by Jeopardy Productions, Inc. Join the discussion at JBoard.tv.